000 00560nam a22002057a 4500
999 _c2793
_d2793
003 AR-CdUCM
008 190305b ||||| |||| 00| 0 spa d
040 _aMUNICIPALIDAD PROVINCIAL DEL CUSCO
_cBIBLIOTECA MUNICIPAL DEL CUSCO
041 _hchi
082 _a895 /
_bH81
100 _aHsun, Lu
_99728
245 _aLa verdadera historia de AQ /
260 _aChile :
_bVida Nueva
_c1954.
300 _a95 páginas ;
_c18 cm.
650 _aNovela China.
_99729
650 _aLiteratura.
_983
650 _aDrama.
_9560
942 _2ddc
_cLIBROS
945 _admma